[Event "Baden Casino op 5th"]
[Site "Baden"]
[Date "2000.??.??"]
[Round "5"]
[White "Mikavica, Mirko"]
[Black "Gruenenwald, Joerg"]
[Result "1/2-1/2"]
[WhiteElo "2241"]
[BlackElo "2362"]
[PlyCount "70"]
[EventDate "2000.04.??"]
[EventType "swiss"]
[EventRounds "9"]
[EventCountry "SUI"]
[SourceTitle "EXT 2001"]
[Source "ChessBase"]
[SourceDate "2000.11.22"]
[SourceVersion "1"]
[SourceVersionDate "2000.11.22"]
[SourceQuality "1"]

1. d4 Nf6 2. c4 g6 3. Nc3 Bg7 4. Nf3 0-0 5. e4 d6 6. Be2 Bg4 7. 0-0 Nfd7 8. Be3 a6 9. Nd2 Bxe2 10. Qxe2 c5 11. d5 Qa5 12. Rfc1 e6 13. Nb3 Qc7 14. Rd1 e5 15. Nd2 f5 16. f4 exf4 17. Bxf4 Ne5 18. Bxe5 Bxe5 19. Nf3 Bf6 20. exf5 gxf5 21. Qe6+ Kh8 22. Qxf5 Nd7 23. Qh5 Ne5 24. Nxe5 Bxe5 25. Rab1 Rf4 26. Rf1 Raf8 27. Rxf4 Rxf4 28. Qe8+ Kg7 29. Ne2 Rf8 30. Qe6 Qa5 31. Rf1 Rxf1+ 32. Kxf1 Qxa2 33. Qe7+ Kg8 34. Qe8+ Kg7 35. Qe7+ Kg8 1/2-1/2

[Event "Baden Casino op 5th"]
[Site "Baden"]
[Date "2000.??.??"]
[Round "7"]
[White "Mikavica, Mirko"]
[Black "Horvath, Peter"]
[Result "0-1"]
[WhiteElo "2241"]
[BlackElo "2431"]
[PlyCount "106"]
[EventDate "2000.04.??"]
[EventType "swiss"]
[EventRounds "9"]
[EventCountry "SUI"]
[SourceTitle "EXT 2001"]
[Source "ChessBase"]
[SourceDate "2000.11.22"]
[SourceVersion "1"]
[SourceVersionDate "2000.11.22"]
[SourceQuality "1"]

1. d4 Nf6 2. c4 g6 3. Nc3 d5 4. Nf3 Bg7 5. e3 0-0 6. Be2 c6 7. 0-0 Nbd7 8. Re1 Re8 9. Qb3 Nb6 10. cxd5 cxd5 11. e4 dxe4 12. Ng5 Rf8 13. Ncxe4 Nxe4 14. Nxe4 Qxd4 15. Nc3 Be6 16. Qa3 Qd6 17. Qa5 Nd5 18. Nxd5 Bxd5 19. Rd1 e6 20. Bf3 b6 21. Qa4 Qe5 22. Bxd5 exd5 23. Qb5 Rfd8 24. Rb1 Rac8 25. Be3 d4 26. Qxe5 Bxe5 27. Bg5 Rd5 28. Rd3 Rc2 29. Bh6 f5 30. g3 Kf7 31. Kg2 Rb5 32. Rd2 Rxd2 33. Bxd2 Rc5 34. Kf3 Bf6 35. Ke2 g5 36. Kd3 h5 37. b4 Rc7 38. a4 Ke6 39. b5 Rc5 40. Bb4 Rc8 41. a5 Kd5 42. axb6 axb6 43. Ra1 Rc4 44. Rb1 g4 45. Bd2 Ra4 46. Rc1 Ra3+ 47. Ke2 d3+ 48. Kf1 Ra1 49. Rxa1 Bxa1 50. Kg2 Kc4 51. Kf1 Kxb5 52. Be3 Bc3 53. f3 gxf3 0-1